| 000 | 00000nam 2200000zi 4500 |
| 001 | 9.937189 |
| 003 | CaOODSP |
| 005 | 20240503135822 |
| 006 | m o d f |
| 007 | cr cn||||||||| |
| 008 | 240419t20242024onco o f000 0 ara d |
| 020 | |a9780660710891 |
| 040 | |aCaOODSP|bfre|erda|cCaOODSP |
| 043 | |an-cn--- |
| 086 | 1 |aCi4-243/2023Ara-PDF |
| 245 | 00|a[Bienvenue au Canada] : |b[reconnaissance des titres de compétences étrangers]. |
| 250 | |a[Édition arabe]. |
| 264 | 1|a[Ottawa] : |bImmigration, réfugiés et citoyenneté Canada = Immigration, Refugees and Citizenship Canada, |c[2024] |
| 264 | 4|c©2024 |
| 300 | |a1 ressource en ligne (3 pages non numérotées) : |bphotographies |
| 336 | |atexte|btxt|2rdacontent/fre |
| 337 | |ainformatique|bc|2rdamedia/fre |
| 338 | |aressource en ligne|bcr|2rdacarrier/fre |
| 500 | |aTitre français fourni par l'éditeur. |
| 500 | |aPublié aussi en français sous le titre : Bienvenue au Canada : reconnaissance des titres de compétences étrangers. |
| 650 | 6|aReconnaissance des études, diplômes, etc.|zCanada. |
| 650 | 6|aImmigrants|xPolitique gouvernementale|zCanada. |
| 650 | 6|aTravailleurs étrangers|xPolitique gouvernementale|zCanada. |
| 650 | 6|aÉtudiants étrangers|xPolitique gouvernementale|zCanada. |
| 710 | 1 |aCanada. |bImmigration, réfugiés et citoyenneté Canada, |eorganisme de publication. |
| 775 | 08|tBienvenue au Canada : |w(CaOODSP)9.921117 |
| 791 | |t[Welcome to Canada] : |eeng|w(CaOODSP)9.936157 |
| 856 | 40|qPDF|s873 Ko|uhttps://publications.gc.ca/collections/collection_2024/ircc/Ci4-243-2023-ara.pdf |
| 986 | |a2860-04-2024 |